La Nueva Constitución de Puerto Rico (Record no. 47044)
[ view plain ]
| 000 -LEADER | |
|---|---|
| campo de control de longitud fija | 00698nam a2200205 i 4500 |
| 001 - NÚMERO DE CONTROL | |
| campo de control | 47044 |
| 003 - IDENTIFICADOR DE NÚMERO DE CONTROL | |
| campo de control | ES-MaACL |
| 005 - FECHA Y HORA DE LA ÚLTIMA TRANSACCIÓN | |
| campo de control | 20250823085842.0 |
| 007 - CAMPO FIJO DE DESCRIPCIÓN FÍSICA--INFORMACIÓN GENERAL | |
| campo de control de longitud fija | t| |
| 008 - DATOS DE LONGITUD FIJA--INFORMACIÓN GENERAL | |
| campo de control de longitud fija | 030403s1954 pr ||||1| spa d |
| 110 1# - ENTRADA PRINCIPAL--NOMBRE DE ENTIDAD CORPORATIVA | |
| Nombre de entidad corporativa o nombre de jurisdicción como elemento de entrada | Puerto Rico. |
| 9 (RLIN) | 6270 |
| 240 10 - TÍTULO UNIFORME | |
| Título uniforme | Constitución |
| 245 13 - MENCIÓN DEL TÍTULO | |
| Título | La Nueva Constitución de Puerto Rico |
| Resto del título | : informes a la Convención Constituyente / |
| Mención de responsabilidad, etc. | introducción de Carl J. Friedrich. |
| 260 ## - PUBLICACIÓN, DISTRIBUCIÓN, ETC. | |
| Lugar de publicación, distribución, etc. | Puerto Rico : |
| Nombre del editor, distribuidor, etc. | Universidad de Puerto Rico, |
| Fecha de publicación, distribución, etc. | [1954] ( |
| Lugar de fabricación/manufactura | Madrid : |
| Fabricante | Ograma) |
| 300 ## - DESCRIPCIÓN FÍSICA | |
| Extensión | XIX, 609 p. ; |
| Dimensiones | 24 cm. |
| 700 1# - ENTRADA AGREGADA--NOMBRE PERSONAL | |
| Nombre de persona | Friedrich, Carl J. |
| 9 (RLIN) | 52645 |
| 710 2# - ENTRADA AGREGADA--NOMBRE DE ENTIDAD CORPORATIVA | |
| Nombre de entidad corporativa o nombre de jurisdicción como elemento de entrada | Universidad de Puerto Rico |
| 9 (RLIN) | 7273 |
| 852 ## - LOCALIZACIÓN | |
| Ubicación | ES-MaACL |
| Número de control de estantería | C-8346 |
| Sublocalización o colección | R.36599 |
| Estatus retirado | Estado de pérdida | Estado de daño | No para préstamo | Biblioteca de origen | Biblioteca actual | Ubicación en estantería | Fecha de adquisición | Fuente de adquisición | Total de préstamos | Signatura topográfica completa | Código de barras | Visto por última vez | Precio de reemplazo | Tipo de ítem Koha |
|---|---|---|---|---|---|---|---|---|---|---|---|---|---|---|
| Biblioteca del Ateneo de Madrid | Biblioteca del Ateneo de Madrid | Sala Palomar | 17/01/2008 | C-8346 | 1049480 | 23/02/2023 | 23/02/2023 | Libro impreso |
